| 000 | 00876cad a22001935a 4500 | ||
|---|---|---|---|
| 001 | L156767 | ||
| 008 | 120711s2012 xxk f 000 0 eng d | ||
| 035 | _a(Sirsi) u156767 | ||
| 041 | 0 | _aeng | |
| 110 | 2 |
_aEnglish Heritage _92714 |
|
| 245 | 0 | 0 |
_aGood practice guide for local heritage listing _h[electronic resource] |
| 260 |
_aLondon _bEnglish Heritage _c2012 |
||
| 520 | _aComprehensive guide to local heritage listing for England. Draws on good practice from across the country in developing a new local heritage list, or making improvements to an existing one, and includes a number of case studies illustrating key aspects of the process. | ||
| 590 | _aKA NTK | ||
| 651 | 4 |
_aEngland _y886- |
|
| 690 | _aConservation and restoration | ||
| 856 | 4 | 0 |
_uhttps://www.helm.org.uk/upload/pdf/local-listing-guide.pdf _zView the item free of charge at www.helm.org |
| 942 | _n0 | ||
| 999 |
_c114406 _d114406 |
||